Countries bordering 4 Larger Countries on the World Map - Statistics

General Stats
  • This quiz has been taken 131 times
  • The average score is 12 of 16
Answers on the Map
Answers color-coded by a green-red scale on the quiz's map according to % correct below.
 
Answer Stats
# Country % Correct
4 Laos
90%
4 Switzerland
88%
4 Tajikistan
87%
5 Slovakia
85%
4 Rwanda
78%
4 Zimbabwe
78%
4 Uganda
76%
4 South Sudan
75%
4 Kosovo
74%
4 Slovenia
74%
4 Armenia
68%
4 Rep. of the Congo
67%
4 Montenegro
65%
4 Macedonia
64%
5 Zambia
61%
4 Kenya
39%
No matching quizzes found
Score Distribution
Percent of People with Each Score
Percentile by Number Answered
Your Score History
You have not taken this quiz